| 000 | 00710nam a22002057a 4500 | ||
|---|---|---|---|
| 005 | 20150601104949.0 | ||
| 010 | _aENG-112831 | ||
| 020 |
_c695.00 _a9788188449784 |
||
| 035 | _aEN-96363 | ||
| 037 | _bDBAD/PUB | ||
| 082 | _a338.476151 | ||
| 100 | _aPotdar, Manohar. A. | ||
| 245 |
_a(CGMP) Current good manufacturing practices for pharmaceuticals / _cby Manohar A. Potdar |
||
| 250 | _a. | ||
| 260 |
_aHyderabad _bPharmaMed Press _c2009 |
||
| 270 |
_a4-4-316, Giriraj Lane, Sultan Bazar, _bHyderabad _e500095 _minfo@pharmamedpress.com _k040-23445605, 23445688 _l91+40-23445611 |
||
| 300 |
_axxx,798p. : _c25cm(pbk) _bill. |
||
| 500 | _aIncludes index | ||
| 942 |
_2ddc _cEN _mPOT _h338.476151 |
||
| 999 |
_c93029 _d93029 |
||